| 000 | 00670nam a2200193Ia 4500 | ||
|---|---|---|---|
| 003 | OSt | ||
| 005 | 20250620154139.0 | ||
| 008 | 210210b1971 xxu||||| |||| 00| 0 eng d | ||
| 040 | _cAL | ||
| 041 | _aKannada | ||
| 082 | _aK894.8 RANP | ||
| 100 |
_aRANGANATHANANDA _9141918 _dರಂಗನಾಥಾನಂದ |
||
| 245 |
_aParivartanashila samajakke shasvata maulyagalu.S2. _bಪರಿವರ್ತನಾಶೀಲ ಸಮಾಜಕ್ಕೆ ಶಾಶ್ವತ ಮೌಲ್ಯಗಳು : ಸಂಪುಟ ೨ |
||
| 260 |
_aBengaluru _bPrasaranga Vishvavidyanilaya _c1971 |
||
| 300 | _axii,342 | ||
| 690 |
_aKannada Miscellaneous _9141919 |
||
| 906 | _a042106 | ||
| 942 |
_2ddc _cBK |
||
| 999 |
_c91962 _d91962 |
||